Ekonomické, politické a právne otázky medzinárodných vzťahov 2015 zborník vedeckých prác

Salvato in:
Dettagli Bibliografici
Ente Autore: Ekonomická univerzita v Bratislave. Fakulta medzinárodných vzťahov
Altri autori: Hlavová, Natália, 1991-, Krkošková, Zuzana, Lipková, Ľudmila, Balhar, Víťazoslav
Natura: Libro
Lingua:slovacco
inglese
Pubblicazione: Bratislava Vydavateľstvo EKONÓM 2015
Edizione:1. vyd.
Soggetti:
Tags: Aggiungi Tag
Nessun Tag, puoi essere il primo ad aggiungerne!!

MARC

LEADER 00000nlm a2200000 4500
001 0207140
005 20240514123012.4
020 |a 978-80-225-4099-5 
041 0 |a slo 
041 0 |a eng 
044 |a SK 
245 1 0 |a Ekonomické, politické a právne otázky medzinárodných vzťahov 2015  |b zborník vedeckých prác  |c zostavovatelia zborníka: Natália Hlavová, Zuzana Krkošková ; recenzenti: Ľudmila Lipková, Víťazoslav Balhar ... [et al.] 
250 |a 1. vyd. 
264 1 |a Bratislava  |b Vydavateľstvo EKONÓM  |c 2015 
300 |a CD-ROM [334 s., 27,26 AH] 
610 2 0 |a vzťahy medzinárodné 
610 2 0 |a politika medzinárodná 
610 2 0 |a právo medzinárodné 
610 2 0 |a Európska únia 
700 1 |a Hlavová, Natália, 1991- 
700 1 |a Krkošková, Zuzana 
700 1 |a Lipková, Ľudmila 
700 1 |a Balhar, Víťazoslav 
710 2 |a Ekonomická univerzita v Bratislave. Fakulta medzinárodných vzťahov